00753nam a22002531i 450000100060000001000180000609000100002410000410003410100080007520000540008321000340013721500240017122500210019522500260021630000260024260600190026867500160028770000320030370100280033570200270036380100120039099000110040299500860041323553 a9788447341849 a23553 a20170304u u u0frey50 ba0 apor1 fDeborah HautzigaMais um em casaevidas alteradas cRBA Coleccionablesdcop. 2003 a[29] p.cil.d23 cm2 aRua sésamov122 iAprende divertindo-te aOferta de Elsa Coelho aInfantil92402 a087.592104 1aHautzigbDeborah407092089 1aMathieubJoe444093237 1aRodriguesbTeresa4730 aPTgRPC cLIVROS 0010932231bBMVAdBMVAeDEPf0029693k087.5 HAUm2019-11-27o0rLIVROSucx. 67s